Programování minipočítačů v jazyce COBOL

Salvato in:
Dettagli Bibliografici
Autore principale: Výrut, Karel
Ente Autore: Vysoká škola ekonomická v Praze. Fakulta řízení
Altri autori: Václavíková, Dana
Natura: Libro
Lingua:ceco
Pubblicazione: Praha Státní pedagogické nakladatelství 1984
Tags: Aggiungi Tag
Nessun Tag, puoi essere il primo ad aggiungerne!!

MARC

LEADER 00000nam a2200000 4500
001 c105784
005 20190425092049.7
041 0 |a cze 
044 |a CZ 
245 1 0 |a Programování minipočítačů v jazyce COBOL  |c Karel Výrut, Dana Václavíková 
264 1 |a Praha  |b Státní pedagogické nakladatelství  |c 1984 
300 |a 122 s. 
100 1 |a Výrut, Karel 
700 1 |a Václavíková, Dana 
710 2 |a Vysoká škola ekonomická v Praze. Fakulta řízení